Reinventando la aritmética II

Salvato in:
Dettagli Bibliografici
Autore principale: Kamii, Constance Kazuko (Autore)
Natura: Libro
Lingua:spagnolo
Pubblicazione: Madrid Visor Distribuciones S. A 1994
Edizione:2a. ed
Serie:Aprendizaje Visor, 84
Soggetti:
Tags: Aggiungi Tag
Nessun Tag, puoi essere il primo ad aggiungerne!!

MARC

LEADER 00000cam a2200000 a 4500
001 UCC4825
003 CL-VaPUC
008 180831e19940000sp |||||||||||||||||spa|d
020 |a 8477740844 
082 0 4 |a 372.7  |b KAM  |2 21 
100 |a Kamii, Constance Kazuko  |e author  |9 599018 
245 1 0 |a Reinventando la aritmética II 
250 |a 2a. ed 
300 |a 220 p 
942 |c BK 
945 |d 20180831 12:04:00  |a dcastane 
260 |a Madrid  |b Visor Distribuciones S. A  |c 1994 
650 0 |a Matemáticas  |x Enseñanza  |9 875527 
650 0 |a Matemática  |9 260235 
650 0 |a Educación básica   |9 224933 
583 |a last modification  |c 20180831 12:04:00  |k Rodrigo Vera 
490 0 |a Aprendizaje Visor, 84 
999 |c 372211  |d 372209